| 000 | 00757nam a2200265Ia 4500 | ||
|---|---|---|---|
| 003 | OSt | ||
| 005 | 20220925223041.0 | ||
| 006 | a|||||r|||| 00| 0 | ||
| 007 | ta | ||
| 008 | 220923b |||||||| |||| 00| 0 eng d | ||
| 020 | _a0415114691 | ||
| 037 | _cGeneral Book | ||
| 040 |
_aRTL _cRTL _beng |
||
| 041 |
_2eng _aeng |
||
| 082 | _aY:6:g, N7 | ||
| 100 |
_aHetherington Kevin _9142214 |
||
| 245 | 0 |
_aBadlands of modernity _b Heterotopia and social ordering |
|
| 260 |
_aLondon _bRoutledge _c1997 |
||
| 300 |
_ax,164p. _ccm. |
||
| 490 | _aInternational Library of Sociology | ||
| 500 | _aBibliography: P 149-58 | ||
| 650 | _aSocial Change | ||
| 942 |
_hY:6:g, N7 _cGB _2CC |
||
| 999 |
_c578493 _d578493 |
||